Gene Hackman Filmography - Statistics

General Stats
  • This quiz has been taken 273 times
    166 since last reset
  • The average score is 25 of 127
Answer Stats
Type Year Name % Correct
Film 1971 The French Connection
93%
Film 1992 Unforgiven
76%
Film 1978 Superman
68%
Film 1980 Superman II
65%
Film 1967 Bonnie and Clyde
64%
Film 1975 French Connection II
64%
Film 1974 The Conversation
64%
Film 1988 Mississippi Burning
62%
Film 1986 Hoosiers
58%
Film 2001 The Royal Tenenbaums
58%
Film 1995 Crimson Tide
53%
Film 1987 Superman IV: The Quest for Peace
53%
Film 1996 The Birdcage
51%
Film 1993 The Firm
51%
Film 1972 The Poseidon Adventure
51%
Film 1995 The Quick and the Dead
51%
Film 1998 Enemy of the State
49%
Film 2004 Welcome to Mooseport
49%
Film 2003 Runaway Jury
48%
Film 1987 No Way Out
44%
Film 1997 Absolute Power
42%
Film 1977 A Bridge Too Far
39%
Film 1973 Scarecrow
38%
Film 1974 Young Frankenstein
38%
Film 2001 Behind Enemy Lines
36%
Film 1989 The Package
35%
Film 1995 Get Shorty
34%
Film 2000 The Replacements
34%
Film 1970 I Never Sang for My Father
33%
Film 1983 Uncommon Valor
33%
Film 1990 Narrow Margin
32%
Film 2001 Heartbreakers
31%
Film 1975 Night Moves
27%
Film 1994 Wyatt Earp
27%
Film 1998 Antz
25%
Film 1988 Bat*21
25%
Film 1996 The Chamber
25%
Film 2000 Under Suspicion
25%
Film 1991 Class Action
24%
Film 1998 Twilight
24%
Film 1975 Bite the Bullet
22%
Film 1993 Geronimo: An American Legend
20%
Film 1990 Loose Cannons
20%
Film 1969 Downhill Racer
19%
Film 1983 Eureka
19%
Film 1969 Marooned
19%
Film 1981 Reds
19%
Film 1996 Extreme Measures
18%
Film 1977 March or Die
18%
Film 1969 Riot
18%
Film 1985 Target
16%
Film 1988 Split Decisions
15%
Film 1968 The Split
15%
Film 1974 Zandy's Bride
15%
Film 1972 Cisco Pike
14%
Film 1981 All Night Long
13%
Film 1972 Prime Cut
13%
Film 1988 Another Woman
12%
Film 1975 Lucky Lady
12%
Film 1977 The Domino Principle
12%
Commercial 1990 United Airlines
12%
Film 1991 Company Business
11%
Film 1964 Lilith
11%
Film 1990 Postcards from the Edge
11%
Film 1986 Power
11%
Film 1969 The Gypsy Moths
11%
Film 1985 Twice in a Lifetime
11%
Film 1983 Under Fire
11%
Film 1988 Full Moon in Blue Water
9%
Film 1966 Hawaii
9%
TV Show 1967 The F.B.I.
8%
Film 1971 The Hunting Party
8%
Film 2001 The Mexican
8%
Film 1983 Two of a Kind
8%
Film 1971 Doctors' Wives
7%
Commercial 2002-2009 Lowe's
7%
Film 1961 Mad Dog Coll
7%
TV Show 1972 Rowan & Martin's Laugh-In
7%
Film 1967 A Covenant with Death
6%
Theater 1964-1966 Any Wednesday
6%
Theater 1963 A Rainy Day in Newark
6%
Film 1967 Banning
6%
TV Show 1959, 1964 Brenner
6%
Theater 1963 Children from Their Games
6%
Theater 1963 Come to the Palace of Sin
6%
Short Film 1967 Community Shelter Planning
6%
Theater 1992 Death and the Maiden
6%
TV Show 1963 DuPont Show of the Week
6%
Film 1967 First to Fight
6%
Theater 1967 Fragments / The Basement
6%
TV Show 1966 Hawk
6%
Film 1984 Misunderstood
6%
Theater 1964-1965 Poor Richard
6%
TV Show 1963 Route 66
6%
TV Film 1968 Shadow on the Land
6%
TV Show 1961 Tallahassee 7000
6%
TV Show 1967 The Invaders
6%
Theater 1967 The Natural Look
6%
TV Show 1959-1962 The United States Steel Hour
6%
Documentary Series 2007 America's Game: The Superbowl Champions
5%
TV Show 1968 CBS Playhouse
5%
TV Show 1963 East Side/West Side
5%
Documentary 2004 Imaginary Witness: Hollywood and the Holocaust
5%
TV Show 1968 Insight
5%
TV Show 1968 I Spy
5%
Commercial 1988 Kirin Dry
5%
TV Show 1963 Look Up and Live
5%
TV Show 1963 Naked City
5%
Commercial 1998 Oppenheimer Funds
5%
TV Film 1963 Ride with Terror
5%
Theater 1957 The Curious Miss Caraway
5%
TV Show 1961, 1963 The Defenders
5%
TV Show 1966 The Trials of O'Brien
5%
TV Documentary 2016 The Unknown Flag Raiser of Iwo Jima
5%
Short Documentary 2017 We, the Marines
5%
TV Show 1966 Directions
4%
TV Documentary 2001 Heroes of Iwo Jima
4%
Documentary 2003 Hidden City
4%
TV Show 1967 Iron Horse
4%
Short Documentary 1989 Island of Hope, Island of Tears
4%
Documentary Series 1998, 2000 American Masters
2%
Documentary Mini-Series 2021 Clint Eastwood: A Cinematic Legacy
2%
Documentary 2002 Colors of Courage: Sons of New Mexico, Prisoners of Japan
2%
Theater 1957 Will Success Spoil Rock Hunter?
2%
Theater 1957 Witness for the Prosecution
2%
Theater 1957 A View from the Bridge
1%
Theater 1959 The Saintliness of Margery Kempe
0%
No matching quizzes found
Score Distribution
Percent of People with Each Score
Percentile by Number Answered
Your Score History
You have not taken this quiz since the last reset